A Guide To Mental Health & Psychiatric Nursing Semester V & VI (Record no. 367807)

MARC details
000 -LEADER
fixed length control field 00495 a2200169 4500
003 - CONTROL NUMBER IDENTIFIER
control field OSt
005 - DATE AND TIME OF LATEST TRANSACTION
control field 20260220113727.0
008 - FIXED-LENGTH DATA ELEMENTS--GENERAL INFORMATION
fixed length control field 250925b |||||||| |||| 00| 0 eng d
020 ## - INTERNATIONAL STANDARD BOOK NUMBER
International Standard Book Number 9789366161686
100 ## - MAIN ENTRY--PERSONAL NAME
Personal name Sreevani, R.
9 (RLIN) 213122
245 ## - TITLE STATEMENT
Title A Guide To Mental Health & Psychiatric Nursing Semester V & VI
250 ## - EDITION STATEMENT
Edition statement 6th Edition
260 ## - PUBLICATION, DISTRIBUTION, ETC. (IMPRINT)
Name of publisher, distributor, etc. Jaypee Brothers Medical Publishers
Place of publication, distribution, etc. New Delhi
Date of publication, distribution, etc. 2025
300 ## - PHYSICAL DESCRIPTION
Extent XXXIV;551P.
651 ## - SUBJECT ADDED ENTRY--GEOGRAPHIC NAME
Geographic name Mental Health Nursing
9 (RLIN) 212013
942 ## - ADDED ENTRY ELEMENTS (KOHA)
Koha item type Books
Source of classification or shelving scheme Dewey Decimal Classification
Holdings
Withdrawn status Lost status Source of classification or shelving scheme Damaged status Not for loan Home library Current library Date acquired Vendor Cost, normal purchase price Total Checkouts Total Renewals Full call number Barcode Date last seen Date last checked out Cost, replacement price Bill Date Koha item type Checked out
    Dewey Decimal Classification     Sitabai Nargundkar College of Nursing Nagpur Sitabai Nargundkar College of Nursing Nagpur 25/09/2025 108 516.75 8 1 616.89/SRE SNCN-BK-3592 12/05/2026 02/04/2026 795.00 25/09/2025 Books  
    Dewey Decimal Classification     Sitabai Nargundkar College of Nursing Nagpur Sitabai Nargundkar College of Nursing Nagpur 25/09/2025 108 516.75 8   616.89/SRE SNCN-BK-3590 15/05/2026 15/05/2026 795.00 25/09/2025 Books 30/05/2026
    Dewey Decimal Classification     Sitabai Nargundkar College of Nursing Nagpur Sitabai Nargundkar College of Nursing Nagpur 25/09/2025 108 516.75 8 2 616.89/SRE SNCN-BK-3589 15/05/2026 02/02/2026 795.00 25/09/2025 Books  
    Dewey Decimal Classification     Sitabai Nargundkar College of Nursing Nagpur Sitabai Nargundkar College of Nursing Nagpur 25/09/2025 108 516.75 5   616.89/SRE SNCN-BK-3591 26/02/2026 17/02/2026 795.00 25/09/2025 Books  
    Dewey Decimal Classification     Sitabai Nargundkar College of Nursing Nagpur Sitabai Nargundkar College of Nursing Nagpur 25/09/2025 108 516.75 6 1 616.89/SRE SNCN-BK-3588 18/03/2026 18/03/2026 795.00 25/09/2025 Books 12/05/2026